Hubungan di sebalik perdagangan sumber perikanan Indonesia - Malaysia : kajian kes Tanjungbalai, Sumatera Utara /
Saved in:
| Main Author: | |
|---|---|
| Format: | Thesis Book |
| Language: | Malay |
| Published: |
2006.
|
| Subjects: | |
| Tags: |
Add Tag
No Tags, Be the first to tag this record!
|
| LEADER | 01069cam a2200253 a 4500 | ||
|---|---|---|---|
| 001 | u727155 | ||
| 003 | SIRSI | ||
| 005 | 200609051608 | ||
| 008 | 060905s2006 my a t 000 0 may m | ||
| 040 | |a UMM | ||
| 043 | |a a-io--- |a a-my--- | ||
| 090 | |a DS520.5 |b UM 2006 Dja | ||
| 100 | 1 | 0 | |a Djajadi, Benny Triandi. |
| 245 | 1 | 0 | |a Hubungan di sebalik perdagangan sumber perikanan Indonesia - Malaysia : |b kajian kes Tanjungbalai, Sumatera Utara / |c Benny Triandi Djajadi. |
| 260 | |c 2006. | ||
| 300 | |a xxii, 255 leaves : |b ill. ; |c 30 cm. | ||
| 502 | |a Dissertation (M.A.) -- Jabatan Pengajian Asia Tenggara, Fakulti Sastera dan Sains Sosial, Universiti Malaya, 2006. | ||
| 504 | |a Bibliography: leaves 251-255. | ||
| 650 | 0 | |a Fish trade |z Indonesia |z Sumatera Utara |z Tanjungbalai. | |
| 651 | 0 | |a Malaysia |x Commerce |z Indonesia. | |
| 651 | 0 | |a Indonesia |x Commerce |z Malaysia. | |
| 710 | 2 | 0 | |a Universiti Malaya. |b Jabatan Pengajian Asia Tenggara. |
| 596 | |a 1 | ||
| 999 | |a DS520.5 UM 2006 DJA |w LC |c 1 |i A512739576 |d 21/5/2019 |e 21/5/2019 |f 15/11/2006 |g 1 |l STACKS |m P01UTAMA |n 5 |r Y |s Y |t TESIS |u 15/11/2006 | ||
